[Event "New Delhi Parsvnath op 10th"]
[Site "New Delhi"]
[Date "2012.01.15"]
[Round "1"]
[White "Zeng, Chongsheng"]
[Black "Agarwal, PC."]
[Result "1-0"]
[WhiteElo "2400"]
[BlackElo "1652"]
[PlyCount "47"]
[EventDate "2012.01.15"]
[EventType "swiss"]
[EventRounds "11"]
[EventCountry "IND"]
[SourceTitle "CBM 146 Extra"]
[Source "ChessBase"]
[SourceDate "2012.02.29"]
[SourceVersion "1"]
[SourceVersionDate "2012.02.29"]
[SourceQuality "1"]

1. e4 e5 2. Nf3 Nf6 3. Nxe5 Qe7 4. d4 d6 5. Nf3 Nxe4 6. Be2 Qd8 7. 0-0 Be7 8. Bd3 Nf6 9. Re1 0-0 10. Nbd2 Bg4 11. Nf1 Nbd7 12. Ng3 Ne8 13. h3 Bxf3 14. Qxf3 c6 15. Qe4 g6 16. Qxe7 Qc7 17. Bh6 Nef6 18. Ne4 Nd5 19. Qxd6 Qxd6 20. Nxd6 Rfb8 21. c4 Nb4 22. Re7 Nxd3 23. Rxf7 Nf8 24. Rg7+ 1-0